Real estate valuation in litigation
| Main Author: | |
|---|---|
| Format: | Book |
| Published: |
Chicago :
Appraisal Institute ,
1995
|
| Edition: | 2nd. ed. |
| Subjects: |
MARC
| LEADER | 00000cam a2200000 7i4500 | ||
|---|---|---|---|
| 001 | 0000001545 | ||
| 005 | 20050629.0 | ||
| 020 | |a 0922154201 | ||
| 040 | |a INS | ||
| 090 | 0 | 0 | |a KF5599. |b E25 1995 |
| 100 | 1 | |a Eaton, J. D. | |
| 245 | 1 | 0 | |a Real estate valuation in litigation |c J. D. Eaton |
| 250 | |a 2nd. ed. | ||
| 260 | |a Chicago : |b Appraisal Institute , |c 1995 | ||
| 300 | |a 596p | ||
| 650 | 0 | 0 | |a Eminent domain |z US |
| 650 | 0 | 0 | |a Real property |x valuation |z US |
| 999 | |a 0000007067 |b BOOK |c Open Shelf |e Default branch | ||